ნორმალური ფორმატი
MARC ფორმატი
ჩანაწერი Personal Name
ჩანაწერთა რაოდენობა, რომელიც გამოყენებულია: 2
001 - CONTROL NUMBER
- control field: 26168
003 - CONTROL NUMBER IDENTIFIER
- control field: GE_BSU
005 - DATE AND TIME OF LATEST TRANSACTION
- control field: 20251106150457.0
008 - FIXED-LENGTH DATA ELEMENTS
- fixed length control field: 251106|| aca||aabn | a|a d
040 ## - CATALOGING SOURCE
- Original cataloging agency: GE_BSU
- Transcribing agency: GE_BSU
100 ## - HEADING--PERSONAL NAME
- Personal name: მარგიანი, გრ.
- Relator term: რედაქრორი
670 ## - SOURCE DATA FOUND
- Source citation: Work cat.: (GE_BSU)56158: ბენდიანიშვილი, ალექსანდრე 5481, ეროვნული საკითხი საქართველოში, 1801-1921 წწ. /
